<?xml version="1.0" encoding="UTF-8"?>
<record
    xmlns:xsi="http://www.w3.org/2001/XMLSchema-instance"
    xsi:schemaLocation="http://www.loc.gov/MARC21/slim http://www.loc.gov/standards/marcxml/schema/MARC21slim.xsd"
    xmlns="http://www.loc.gov/MARC21/slim">

  <leader>00395nam a22001457a 4500</leader>
  <datafield tag="999" ind1=" " ind2=" ">
    <subfield code="c">6039</subfield>
    <subfield code="d">6037</subfield>
  </datafield>
  <controlfield tag="005">20210827132152.0</controlfield>
  <controlfield tag="008">200225b        xxu||||| |||| 00| 0 eng d</controlfield>
  <datafield tag="020" ind1=" " ind2=" ">
    <subfield code="a">81-239-0552-1</subfield>
  </datafield>
  <datafield tag="041" ind1=" " ind2=" ">
    <subfield code="a">eng</subfield>
  </datafield>
  <datafield tag="100" ind1=" " ind2=" ">
    <subfield code="a">GANDHI , NEERJA AND POPLI, HARVINDER</subfield>
    <subfield code="9">5132</subfield>
  </datafield>
  <datafield tag="245" ind1=" " ind2=" ">
    <subfield code="a">PHARMACEUTICAL JURISPRUDENCE: SECOND YEAR DIPLOMA IN PHARMACY</subfield>
  </datafield>
  <datafield tag="260" ind1=" " ind2=" ">
    <subfield code="a">NEW DELHI</subfield>
    <subfield code="b">CBS</subfield>
  </datafield>
  <datafield tag="300" ind1=" " ind2=" ">
    <subfield code="a">226p, </subfield>
  </datafield>
  <datafield tag="942" ind1=" " ind2=" ">
    <subfield code="c">BK</subfield>
  </datafield>
  <datafield tag="952" ind1=" " ind2=" ">
    <subfield code="0">0</subfield>
    <subfield code="1">0</subfield>
    <subfield code="4">0</subfield>
    <subfield code="7">0</subfield>
    <subfield code="8">PHARMACY</subfield>
    <subfield code="a">JRU</subfield>
    <subfield code="b">JRU</subfield>
    <subfield code="c">SHELF-19-D</subfield>
    <subfield code="d">2020-02-25</subfield>
    <subfield code="e">PURCHESS</subfield>
    <subfield code="g">295.00</subfield>
    <subfield code="l">2</subfield>
    <subfield code="o">614.34</subfield>
    <subfield code="p">23678</subfield>
    <subfield code="r">2024-12-17 10:50:42</subfield>
    <subfield code="s">2024-08-07</subfield>
    <subfield code="w">2020-02-25</subfield>
    <subfield code="y">BK</subfield>
  </datafield>
  <datafield tag="952" ind1=" " ind2=" ">
    <subfield code="0">0</subfield>
    <subfield code="1">0</subfield>
    <subfield code="4">0</subfield>
    <subfield code="7">0</subfield>
    <subfield code="8">REF</subfield>
    <subfield code="a">JRU</subfield>
    <subfield code="b">JRU</subfield>
    <subfield code="c">SHELF-3-D</subfield>
    <subfield code="d">2020-02-25</subfield>
    <subfield code="e">PURCHESS</subfield>
    <subfield code="g">295.00</subfield>
    <subfield code="l">1</subfield>
    <subfield code="p">23679</subfield>
    <subfield code="r">2020-12-04 00:00:00</subfield>
    <subfield code="s">2020-10-09</subfield>
    <subfield code="w">2020-02-25</subfield>
    <subfield code="y">BK</subfield>
  </datafield>
  <datafield tag="952" ind1=" " ind2=" ">
    <subfield code="0">0</subfield>
    <subfield code="1">0</subfield>
    <subfield code="4">0</subfield>
    <subfield code="7">0</subfield>
    <subfield code="8">PHARMACY</subfield>
    <subfield code="a">JRU</subfield>
    <subfield code="b">JRU</subfield>
    <subfield code="c">SHELF-19-D</subfield>
    <subfield code="d">2020-02-25</subfield>
    <subfield code="e">PURCHESS</subfield>
    <subfield code="g">295.00</subfield>
    <subfield code="l">2</subfield>
    <subfield code="m">2</subfield>
    <subfield code="p">23680</subfield>
    <subfield code="r">2022-02-04 00:00:00</subfield>
    <subfield code="s">2022-01-06</subfield>
    <subfield code="t">614.34</subfield>
    <subfield code="w">2020-02-25</subfield>
    <subfield code="y">BK</subfield>
  </datafield>
  <datafield tag="952" ind1=" " ind2=" ">
    <subfield code="0">0</subfield>
    <subfield code="1">0</subfield>
    <subfield code="4">0</subfield>
    <subfield code="7">0</subfield>
    <subfield code="8">PHARMACY</subfield>
    <subfield code="a">JRU</subfield>
    <subfield code="b">JRU</subfield>
    <subfield code="c">SHELF-19-D</subfield>
    <subfield code="d">2020-02-25</subfield>
    <subfield code="e">PURCHESS</subfield>
    <subfield code="g">295.00</subfield>
    <subfield code="l">3</subfield>
    <subfield code="m">2</subfield>
    <subfield code="p">23681</subfield>
    <subfield code="r">2022-09-27 00:00:00</subfield>
    <subfield code="s">2022-09-14</subfield>
    <subfield code="w">2020-02-25</subfield>
    <subfield code="y">BK</subfield>
  </datafield>
  <datafield tag="952" ind1=" " ind2=" ">
    <subfield code="0">0</subfield>
    <subfield code="1">0</subfield>
    <subfield code="4">0</subfield>
    <subfield code="7">0</subfield>
    <subfield code="8">PHARMACY</subfield>
    <subfield code="a">JRU</subfield>
    <subfield code="b">JRU</subfield>
    <subfield code="c">SHELF-19-D</subfield>
    <subfield code="d">2020-02-25</subfield>
    <subfield code="e">PURCHESS</subfield>
    <subfield code="g">295.00</subfield>
    <subfield code="l">3</subfield>
    <subfield code="m">1</subfield>
    <subfield code="p">23682</subfield>
    <subfield code="q">2026-02-16</subfield>
    <subfield code="r">2025-11-18 11:18:16</subfield>
    <subfield code="s">2025-11-18</subfield>
    <subfield code="t">614.34</subfield>
    <subfield code="w">2020-02-25</subfield>
    <subfield code="y">BK</subfield>
  </datafield>
</record>
